Normal view
MARC view
- Pesticides
Entry Topical Term
001 - CONTROL NUMBER
- control field: 95425
003 - CONTROL NUMBER IDENTIFIER
- control field: NUST
005 - DATE AND TIME OF LATEST TRANSACTION
- control field: 20220726201745.0
008 - FIXED-LENGTH DATA ELEMENTS
- fixed length control field: 220726|| aca||aabn | a|a d
040 ## - CATALOGING SOURCE
- Original cataloging agency: NUST
- Transcribing agency: NUST
150 ## - HEADING--TOPICAL TERM
- Topical term or geographic name entry element: Pesticides
- General subdivision: Toxicology
670 ## - SOURCE DATA FOUND
- Source citation: Work cat.: (NUST)0: Carson, Rachel, 1907-1964. 95424, Silent spring , 2002.
